Ricostruisci la Carriera del Calciatore - Simone Scuffet - Statistics

Statistiche generali
  • Questo quiz è stato fatto 3 volte
  • Il punteggio medio è 3 su 9
Statistiche sulle risposte
Hint Risposta % Corretto
2023- Cagliari
100%
2022-2023 CFR Cluj
67%
2013-2015 Udinese
67%
2015-2016 Como
33%
2021-2022 APOEL
0%
2019 Kasımpaşa
0%
2019-2020 Spezia
0%
2016-2019 Udinese
0%
2020-2021 Udinese
0%
Nessun quiz corrispondente trovato
Distribuzione punteggi
Percentuale di utenti per punteggio
Percentile per numero di risposta
I tuoi punteggi nel tempo
Non hai fatto questo quiz